[Event "Marianske Lazne Czech Coal m"]
[Site "Marianske Lazne"]
[Date "2009.11.30"]
[Round "3"]
[White "Hort, Vlastimil"]
[Black "Jackova, Jana"]
[Result "1/2-1/2"]
[WhiteElo "2494"]
[BlackElo "2388"]
[PlyCount "88"]
[EventDate "2009.11.28"]
[EventType "schev"]
[EventRounds "8"]
[EventCountry "CZE"]
[SourceTitle "CBM 133 Extra"]
[Source "ChessBase"]
[SourceDate "2010.01.05"]
[SourceVersion "1"]
[SourceVersionDate "2010.01.05"]
[SourceQuality "1"]

1. Nf3 Nf6 2. d4 e6 3. c4 b6 4. a3 Bb7 5. Nc3 d5 6. Bg5 Be7 7. e3 0-0 8. Rc1 h6 9. Bh4 Ne4 10. Bg3 Nxg3 11. hxg3 dxc4 12. Bxc4 c5 13. d5 exd5 14. Bxd5 Bxd5 15. Nxd5 Nd7 16. Qb3 Nf6 17. Nf4 Qc7 18. g4 Nh7 19. Nd5 Qb7 20. Rd1 Rac8 21. Ne5 Bd6 22. Nc4 Rfd8 23. e4 Bf8 24. a4 Qc6 25. 0-0 Ng5 26. Rfe1 Ne6 27. Rd3 Rb8 28. Qd1 a6 29. b3 b5 30. axb5 axb5 31. Ne5 Qe8 32. Ree3 Nd4 33. Nf3 Nxf3+ 34. Qxf3 Qe5 35. Rc3 c4 36. bxc4 bxc4 37. g3 Rb1+ 38. Kg2 Qd4 39. Qe2 Rc8 40. Qc2 Ra1 41. Re2 Ra3 42. Ree3 Ra1 43. Re2 Ra3 44. Ree3 Ra1 1/2-1/2

[Event "EU-chT (Women) 08th"]
[Site "Novi Sad"]
[Date "2009.10.23"]
[Round "2"]
[White "Golubenko, Valentina"]
[Black "Jackova, Jana"]
[Result "0-1"]
[WhiteElo "2298"]
[BlackElo "2393"]
[PlyCount "125"]
[EventDate "2009.10.22"]
[EventType "team-swiss"]
[EventRounds "9"]
[EventCountry "YUG"]
[SourceTitle "EXT 2010"]
[Source "ChessBase"]
[SourceDate "2010.11.25"]
[SourceVersion "1"]
[SourceVersionDate "2010.11.25"]
[SourceQuality "1"]
[WhiteTeam "Croatia (W)"]
[BlackTeam "Czech Republic (W)"]
[WhiteTeamCountry "CRO"]
[BlackTeamCountry "CZE"]

1. d4 Nf6 2. Nf3 e6 3. g3 b6 4. Bg2 Bb7 5. 0-0 c5 6. c4 cxd4 7. Qxd4 Be7 8. Nc3 d6 9. Rd1 a6 10. b3 Nbd7 11. Ba3 Nc5 12. Qf4 Qc7 13. b4 Nce4 14. Nxe4 Nxe4 15. Rac1 Rc8 16. Qe3 Nf6 17. b5 0-0 18. Nd4 Ng4 19. Qb3 Ne5 20. Bxb7 Qxb7 21. bxa6 Qxa6 22. Nb5 Rc6 23. Bxd6 Bxd6 24. Nxd6 Rc5 25. Rd2 h5 26. Rcd1 Ra8 27. Rc2 Ra5 28. Qe3 Ng4 29. Qf4 Qa7 30. Rdd2 Qc7 31. Nb5 Qc5 32. Qd4 Ne5 33. Qxc5 bxc5 34. Nd6 R8a7 35. f4 Nc6 36. Nb5 Ra8 37. a3 Na7 38. Rb2 Ra4 39. Rdc2 Nc6 40. Rb1 Rd8 41. Rc3 Na5 42. Rbc1 Rd2 43. Kf2 Rb2 44. Nd6 f5 45. Ke3 Kf8 46. Kd3 Ke7 47. Nb5 Kf6 48. Rd1 Ke7 49. h3 Kf6 50. Rg1 g5 51. fxg5+ Kxg5 52. Nc7 Kf6 53. g4 hxg4 54. hxg4 Nc6 55. g5+ Ke7 56. g6 Ne5+ 57. Ke3 Rb8 58. Kf4 Nxc4 59. Kg5 Nd6 60. Rc2 Ne4+ 61. Kh6 Rg8 62. g7 Kf7 63. Nb5 0-1

[Event "EU-chT (Women) 08th"]
[Site "Novi Sad"]
[Date "2009.10.22"]
[Round "1"]
[White "Jackova, Jana"]
[Black "Dzagnidze, Nana"]
[Result "1-0"]
[WhiteElo "2393"]
[BlackElo "2535"]
[PlyCount "101"]
[EventDate "2009.10.22"]
[EventType "team-swiss"]
[EventRounds "9"]
[EventCountry "YUG"]
[SourceTitle "EXT 2010"]
[Source "ChessBase"]
[SourceDate "2010.11.25"]
[SourceVersion "1"]
[SourceVersionDate "2010.11.25"]
[SourceQuality "1"]
[WhiteTeam "Czech Republic (W)"]
[BlackTeam "Georgia (W)"]
[WhiteTeamCountry "CZE"]
[BlackTeamCountry "GEO"]

1. e4 c5 2. Nf3 e6 3. d4 cxd4 4. Nxd4 Nc6 5. Nc3 Qc7 6. g3 a6 7. Bg2 Nge7 8. Nb3 d6 9. a4 g6 10. a5 Ne5 11. f4 Nc4 12. Qd4 e5 13. Qd3 Bg7 14. 0-0 exf4 15. gxf4 0-0 16. f5 Ne5 17. Nd5 Nxd5 18. Qxd5 Re8 19. Nd4 Qc5 20. f6 Bf8 21. Ra3 Bd7 22. Rc3 Qxd5 23. exd5 Rac8 24. Rxc8 Rxc8 25. b3 h6 26. c4 Re8 27. h3 Kh7 28. Re1 Rc8 29. Ba3 h5 30. Re2 Re8 31. Kf1 h4 32. Nf3 Nxf3 33. Rxe8 Nh2+ 34. Kg1 Bxe8 35. Kxh2 Bd7 36. b4 Bh6 37. c5 Bf4+ 38. Kh1 Be5 39. c6 Bc8 40. b5 axb5 41. Bf1 bxc6 42. dxc6 Ba6 43. Kg2 d5 44. Bc5 d4 45. Bb6 Bxf6 46. c7 Bb7+ 47. Kf2 Bg5 48. Bxb5 Be3+ 49. Ke1 Bc8 50. a6 Bxh3 51. a7 1-0

[Event "CZE-chT 0809"]
[Site "Czech Republic"]
[Date "2009.02.22"]
[Round "9.7"]
[White "Jackova, Jana"]
[Black "Kuba, Jindrich"]
[Result "1/2-1/2"]
[WhiteElo "2358"]
[BlackElo "2247"]
[PlyCount "98"]
[EventDate "2008.11.08"]
[EventType "team-tourn"]
[EventRounds "11"]
[EventCountry "CZE"]
[SourceTitle "EXT 2010"]
[Source "ChessBase"]
[SourceDate "2010.11.25"]
[SourceVersion "1"]
[SourceVersionDate "2010.11.25"]
[SourceQuality "1"]
[WhiteTeam "Frydek Mistek"]
[BlackTeam "Litomerice"]
[WhiteTeamCountry "CZE"]
[BlackTeamCountry "CZE"]

1. e4 c5 2. Nf3 e6 3. d4 cxd4 4. Nxd4 a6 5. Nc3 Qc7 6. Bd3 Nf6 7. 0-0 Bc5 8. Be3 d6 9. Qe2 Nbd7 10. Nb3 b5 11. a4 b4 12. Nb1 Bxe3 13. Qxe3 d5 14. N1d2 0-0 15. Rac1 Bb7 16. Rfe1 dxe4 17. Nxe4 Bd5 18. Nbd2 Qc6 19. b3 Nxe4 20. Bxe4 Nf6 21. c3 bxc3 22. Rxc3 Qb7 23. Bxd5 Nxd5 24. Qd4 Rab8 25. Rg3 Kh8 26. Qe5 Rg8 27. Ne4 f6 28. Qh5 Qb4 29. Qd1 Rbc8 30. Rg4 Qe7 31. Rh4 g5 32. Rh6 Qg7 33. Rh3 Nf4 34. Rhe3 Rcd8 35. Qb1 Qb7 36. Rf3 Rg6 37. b4 f5 38. Nc5 Qd5 39. Nxa6 Nxg2 40. Rd3 Qxd3 41. Qxd3 Rxd3 42. Kxg2 e5 43. b5 Ra3 44. Nc5 e4 45. Rb1 Rb6 46. Nd7 Rd6 47. Nc5 Rb6 48. Nd7 Rd6 49. Nc5 Rb6 1/2-1/2

[Event "BL 0809 (Women)"]
[Site "Germany"]
[Date "2009.01.25"]
[Round "7.3"]
[White "Jackova, Jana"]
[Black "Zatonskih, Anna"]
[Result "1/2-1/2"]
[WhiteElo "2360"]
[BlackElo "2440"]
[PlyCount "33"]
[EventDate "2008.11.08"]
[EventType "team-tourn"]
[EventRounds "11"]
[EventCountry "GER"]
[SourceTitle "EXT 2010"]
[Source "ChessBase"]
[SourceDate "2010.11.25"]
[SourceVersion "1"]
[SourceVersionDate "2010.11.25"]
[SourceQuality "1"]
[WhiteTeam "Dresden USV (W)"]
[BlackTeam "Baden-Baden (W)"]
[WhiteTeamCountry "GER"]
[BlackTeamCountry "GER"]

1. e4 e5 2. Bc4 Nf6 3. d3 c6 4. Nf3 d5 5. Bb3 Bd6 6. Nc3 dxe4 7. Ng5 0-0 8. Ncxe4 Nxe4 9. Nxe4 Bf5 10. Qf3 Bxe4 11. dxe4 Nd7 12. Be3 Nc5 13. Bxc5 Bxc5 14. 0-0 Qe7 15. Rad1 Rad8 16. c3 Bb6 17. Rxd8 1/2-1/2

[Event "Snowdrops-Old Hands"]
[Site "Marianske Lazne"]
[Date "2008.12.04"]
[Round "6"]
[White "Jackova, Jana"]
[Black "Uhlmann, Wolfgang"]
[Result "1-0"]
[WhiteElo "2360"]
[BlackElo "2417"]
[PlyCount "71"]
[EventDate "2008.11.29"]
[EventType "schev"]
[EventRounds "8"]
[EventCountry "CZE"]
[SourceTitle "CBM 127 Extra"]
[Source "ChessBase"]
[SourceDate "2009.01.08"]
[SourceVersion "2"]
[SourceVersionDate "2009.01.28"]
[SourceQuality "1"]

1. e4 e6 2. d4 d5 3. Nc3 Bb4 4. e5 Ne7 5. a3 Bxc3+ 6. bxc3 c5 7. Qg4 Qc7 8. Bd3 cxd4 9. Ne2 dxc3 10. Qxg7 Rg8 11. Qxh7 Nbc6 12. Bf4 Bd7 13. 0-0 0-0-0 14. Bg3 d4 15. Rfe1 Qa5 16. Qxf7 Rdf8 17. Qh7 Rh8 18. Qg7 Rhg8 19. Qh6 Rh8 20. Qc1 Nf5 21. Bxf5 Rxf5 22. Qd1 Qc5 23. Qd3 Rd8 24. f4 Be8 25. Bf2 Qf8 26. Qc4 Kb8 27. Rf1 Qg8 28. Bxd4 Bh5 29. Bxc3 Rc8 30. Ng3 Nxe5 31. Qb3 Ng4 32. Nxf5 exf5 33. Be5+ Nxe5 34. Qxg8 Nf3+ 35. Rxf3 Rxg8 36. Rg3 1-0

[Event "Snowdrops-Old Hands"]
[Site "Marianske Lazne"]
[Date "2008.11.29"]
[Round "1"]
[White "Jackova, Jana"]
[Black "Karpov, Anatoly"]
[Result "1-0"]
[WhiteElo "2360"]
[BlackElo "2651"]
[PlyCount "44"]
[EventDate "2008.11.29"]
[EventType "schev"]
[EventRounds "8"]
[EventCountry "CZE"]
[SourceTitle "CBM 127 Extra"]
[Source "ChessBase"]
[SourceDate "2009.01.08"]
[SourceVersion "2"]
[SourceVersionDate "2009.01.28"]
[SourceQuality "1"]

1. e4 c5 2. Nf3 e6 3. d4 cxd4 4. Nxd4 a6 5. Nc3 Qc7 6. Bd3 Nf6 7. 0-0 Bd6 8. f4 Bc5 9. Nce2 Nc6 10. c3 d6 11. Kh1 Bd7 12. Qe1 0-0 13. Qh4 Rfe8 14. Nf3 e5 15. b4 Bb6 16. fxe5 dxe5 17. Ng5 h6 18. Rxf6 hxg5 19. Bxg5 Be6 20. Nf4 Ne7 21. Nd5 Qd7 22. Rh6 Ng6 1-0

[Event "Olympiad Women-38"]
[Site "Dresden"]
[Date "2008.11.17"]
[Round "5"]
[White "Jackova, Jana"]
[Black "Moser, Eva"]
[Result "0-1"]
[WhiteElo "2360"]
[BlackElo "2376"]
[PlyCount "98"]
[EventDate "2008.11.13"]
[EventType "team-swiss"]
[EventRounds "11"]
[EventCountry "GER"]
[SourceTitle "CBM 128"]
[Source "ChessBase"]
[SourceDate "2009.01.28"]
[SourceVersion "1"]
[SourceVersionDate "2009.01.28"]
[SourceQuality "1"]
[WhiteTeam "Czech Republic (W)"]
[BlackTeam "Austria (W)"]
[WhiteTeamCountry "CZE"]
[BlackTeamCountry "AUT"]

1. e4 d6 2. d4 Nf6 3. Nc3 e5 4. Nf3 Nbd7 5. Bc4 Be7 6. 0-0 0-0 7. Re1 c6 8. a4 a5 9. h3 h6 10. b3 Re8 11. Bb2 Qc7 12. Qd2 Nf8 13. Rad1 Ng6 14. Qc1 Bd7 15. Bf1 Rad8 16. g3 h5 17. Ng5 h4 18. dxe5 dxe5 19. Bc4 Rf8 20. Ba3 hxg3 21. fxg3 Bb4 22. Bxb4 axb4 23. Nb1 b5 24. axb5 cxb5 25. Bd3 Nh5 26. Kh2 f6 27. Nf3 Bxh3 28. Kxh3 Qd7+ 29. Kh2 Qg4 30. Re3 Qxg3+ 31. Kh1 Qf2 32. Nh2 Ng3+ 33. Rxg3 Qxg3 34. Rg1 Qf4 35. Qe1 Kf7 36. Rf1 Qh4 37. Qxb4 Rh8 38. Qd2 Nf4 39. Qf2 Nxd3 40. cxd3 Rxd3 41. Qa7+ Ke6 42. Qa6+ Rd6 43. Qa2 Qxe4+ 44. Kg1 Ra8 45. Qf2 Qd4 46. Nf3 Qxf2+ 47. Kxf2 Rd3 48. Nbd2 Ra2 49. Ke1 e4 0-1

[Event "BL 0809 (Women)"]
[Site "Germany"]
[Date "2008.11.09"]
[Round "2.3"]
[White "Jackova, Jana"]
[Black "Schulz, Petra"]
[Result "1-0"]
[WhiteElo "2360"]
[BlackElo "2101"]
[PlyCount "65"]
[EventDate "2008.11.08"]
[EventType "team-tourn"]
[EventRounds "11"]
[EventCountry "GER"]
[SourceTitle "EXT 2010"]
[Source "ChessBase"]
[SourceDate "2010.11.25"]
[SourceVersion "1"]
[SourceVersionDate "2010.11.25"]
[SourceQuality "1"]
[WhiteTeam "Dresden USV (W)"]
[BlackTeam "Leipzig Allianz (W)"]
[WhiteTeamCountry "GER"]
[BlackTeamCountry "GER"]

1. e4 e6 2. d4 d5 3. Nc3 Bb4 4. e5 c5 5. a3 Bxc3+ 6. bxc3 Ne7 7. Qg4 0-0 8. Bd3 f5 9. exf6 Rxf6 10. Bg5 Rf7 11. Qh5 g6 12. Qd1 Qa5 13. Bd2 Nbc6 14. Nf3 Qc7 15. 0-0 e5 16. Nxe5 Nxe5 17. dxe5 Qxe5 18. c4 d4 19. h4 Bd7 20. Bg5 Bc6 21. Qg4 Nf5 22. Rae1 Qd6 23. h5 gxh5 24. Qxh5 Qg6 25. Qxg6+ hxg6 26. Re6 Kg7 27. g4 Rh8 28. Rxc6 bxc6 29. gxf5 gxf5 30. Re1 Rb8 31. Bf4 Rg8 32. Kf1 Kf6 33. Re5 1-0

[Event "ROM-chT (Women)"]
[Site "Eforie Nord"]
[Date "2008.09.03"]
[Round "3.4"]
[White "Jackova, Jana"]
[Black "Cosma, Elena Luminita"]
[Result "1/2-1/2"]
[WhiteElo "2358"]
[BlackElo "2375"]
[PlyCount "96"]
[EventDate "2008.09.01"]
[EventType "team-tourn"]
[EventRounds "9"]
[EventCountry "ROU"]
[SourceTitle "EXT 2013"]
[Source "ChessBase"]
[SourceDate "2012.11.22"]
[SourceVersion "1"]
[SourceVersionDate "2012.11.22"]
[SourceQuality "1"]

1. e4 e6 2. d4 d5 3. Nc3 Nf6 4. Bg5 Bb4 5. e5 h6 6. Bd2 Bxc3 7. bxc3 Ne4 8. Qg4 g6 9. h4 c5 10. Bd3 Nxd2 11. Kxd2 Bd7 12. Rh3 Qe7 13. dxc5 Nc6 14. Qf4 0-0-0 15. Ne2 g5 16. Qe3 g4 17. Rg3 Qxh4 18. Nd4 Na5 19. Ke2 h5 20. Qc1 Rdg8 21. Qa3 Qd8 22. Bb5 h4 23. Re3 h3 24. Qa4 Bc6 25. Bxc6 bxc6 26. Nxc6 Nxc6 27. Qxc6+ Qc7 28. Qa4 h2 29. Rh1 Qxc5 30. g3 Kc7 31. Kf1 Qc4+ 32. Qxc4+ dxc4 33. Re4 Kc6 34. Rxc4+ Kd5 35. Ra4 Kxe5 36. Kg2 f5 37. Rxa7 Rc8 38. Ra3 Rc6 39. Rxh2 Rhc8 40. Rh1 Rxc3 41. Re1+ Kf6 42. Ra6 R8c6 43. Rxc6 Rxc6 44. a4 Rxc2 45. Ra1 Rc6 46. a5 Ra6 47. Kf1 e5 48. Ke2 f4 1/2-1/2

[Event "Ceska Trebova op 4th"]
[Site "Ceska Trebova"]
[Date "2008.08.13"]
[Round "7"]
[White "De Verdier, Michael Carl Adam"]
[Black "Jackova, Jana"]
[Result "0-1"]
[WhiteElo "2222"]
[BlackElo "2358"]
[PlyCount "84"]
[EventDate "2008.08.08"]
[EventType "swiss"]
[EventRounds "9"]
[EventCountry "CZE"]
[SourceTitle "CBM 125 Extra"]
[Source "ChessBase"]
[SourceDate "2008.09.01"]
[SourceVersion "1"]
[SourceVersionDate "2008.09.01"]
[SourceQuality "1"]

1. d4 Nf6 2. Nf3 e6 3. c4 b6 4. g3 Ba6 5. Qc2 Bb7 6. Bg2 c5 7. d5 exd5 8. cxd5 Nxd5 9. 0-0 Be7 10. Qe4 Bc6 11. Ne5 Nf6 12. Nxc6 Nxc6 13. Qa4 0-0 14. Rd1 Nd4 15. Nc3 a6 16. Bxa8 Qxa8 17. Rxd4 cxd4 18. Qxd4 Bc5 19. Qf4 Re8 20. b4 Ne4 21. Nxe4 Rxe4 22. bxc5 Rxf4 23. Bxf4 g5 24. Be3 bxc5 25. Bxc5 Qd5 26. Be3 h5 27. h3 f6 28. a3 Qb3 29. Bd4 Kf7 30. e3 Ke6 31. Kg2 f5 32. Kh2 d6 33. Kg2 Qc2 34. Kg1 h4 35. gxh4 gxh4 36. Kg2 f4 37. a4 Qe2 38. a5 f3+ 39. Kg1 Qc2 40. Kh1 Qxf2 41. Rg1 Qe2 42. Rg6+ Kd7 0-1

[Event "EU-ch (Women) 9th"]
[Site "Plovdiv"]
[Date "2008.04.30"]
[Round "9"]
[White "Matveeva, Svetlana"]
[Black "Jackova, Jana"]
[Result "1/2-1/2"]
[WhiteElo "2420"]
[BlackElo "2345"]
[PlyCount "140"]
[EventDate "2008.04.21"]
[EventType "swiss"]
[EventRounds "11"]
[EventCountry "BUL"]
[SourceTitle "CBM 123 Extra"]
[Source "ChessBase"]
[SourceDate "2008.05.06"]
[SourceVersion "1"]
[SourceVersionDate "2008.05.06"]
[SourceQuality "1"]

1. d4 Nf6 2. c4 e6 3. Nc3 Bb4 4. Qc2 0-0 5. a3 Bxc3+ 6. Qxc3 b6 7. Bg5 Bb7 8. e3 c5 9. dxc5 bxc5 10. Nf3 h6 11. Bxf6 Qxf6 12. Qxf6 gxf6 13. Nd2 Rd8 14. Nb3 Na6 15. Na5 Rab8 16. Bd3 Ba8 17. 0-0-0 Kf8 18. f3 Rb6 19. Kc2 Nb8 20. Kc3 Rc8 21. Rb1 Ra6 22. b4 d5 23. Rhc1 cxb4+ 24. axb4 dxc4 25. Bxc4 Bd5 26. Kb3 Bxc4+ 27. Rxc4 Rxc4 28. Nxc4 Rc6 29. b5 Rc7 30. Kb4 Ke7 31. Rd1 Rb7 32. Ra1 Rc7 33. Ra2 Rd7 34. Na5 Rc7 35. Nb3 Rb7 36. Nc5 Rc7 37. Rd2 Rc8 38. g4 Rc7 39. f4 Rc8 40. h3 Rc7 41. Rd4 Rc8 42. f5 Rc7 43. Re4 Nd7 44. Nb3 Nb6 45. fxe6 fxe6 46. Nd4 e5 47. Nc6+ Kd6 48. Ka5 Kc5 49. Ka6 Nd5 50. Nxa7 Nc3 51. b6 Rd7 52. b7 Rxb7 53. Rxe5+ fxe5 54. Kxb7 Nd5 55. e4 Nc3 56. Nc6 Kd6 57. Nd8 Ke7 58. Nc6+ Kf6 59. h4 Nxe4 60. g5+ Nxg5 61. hxg5+ hxg5 62. Nb4 g4 63. Nc2 g3 64. Ne1 Kf5 65. Kc6 Ke4 66. Kd6 Kd4 67. Nf3+ Ke3 68. Nh4 Kf4 69. Kd5 e4 70. Kd4 Kg4 1/2-1/2

[Event "EU-ch (Women) 9th"]
[Site "Plovdiv"]
[Date "2008.04.29"]
[Round "8"]
[White "Jackova, Jana"]
[Black "Papadopoulou, Vera"]
[Result "1-0"]
[WhiteElo "2345"]
[BlackElo "2199"]
[PlyCount "95"]
[EventDate "2008.04.21"]
[EventType "swiss"]
[EventRounds "11"]
[EventCountry "BUL"]
[SourceTitle "CBM 123 Extra"]
[Source "ChessBase"]
[SourceDate "2008.05.06"]
[SourceVersion "1"]
[SourceVersionDate "2008.05.06"]
[SourceQuality "1"]

1. e4 c5 2. Nf3 d6 3. d4 cxd4 4. Nxd4 Nf6 5. Nc3 a6 6. Be3 e5 7. Nf3 h6 8. Bc4 Be7 9. 0-0 Qc7 10. Bb3 Nbd7 11. a4 Nc5 12. Ba2 0-0 13. Nd2 b6 14. b4 Ncd7 15. Ne2 Bb7 16. Ng3 Rfc8 17. Nf5 Bf8 18. Qf3 d5 19. Bxd5 Bxd5 20. exd5 Qxc2 21. d6 Rab8 22. Rfd1 Kh7 23. Qh3 Qc3 24. Rab1 b5 25. a5 Re8 26. Qh4 Qc2 27. g4 Re6 28. Rbc1 Qb2 29. Nf3 Qxb4 30. Ng5+ Kg8 31. Nxe6 fxe6 32. g5 Qxh4 33. Nxh4 hxg5 34. Nf3 Nd5 35. Nxg5 Bxd6 36. Nxe6 N7f6 37. Rc6 Be7 38. Bc5 Bxc5 39. Rxc5 Re8 40. Nc7 Nxc7 41. Rxc7 e4 42. Rd6 Re5 43. Rxa6 Rg5+ 44. Kf1 Nd5 45. Rb7 Nf4 46. Raa7 Ne6 47. Re7 Nc5 48. a6 1-0

[Event "EU-ch (Women) 9th"]
[Site "Plovdiv"]
[Date "2008.04.27"]
[Round "7"]
[White "Schuurman, Petra"]
[Black "Jackova, Jana"]
[Result "1/2-1/2"]
[WhiteElo "2295"]
[BlackElo "2345"]
[PlyCount "62"]
[EventDate "2008.04.21"]
[EventType "swiss"]
[EventRounds "11"]
[EventCountry "BUL"]
[SourceTitle "CBM 123 Extra"]
[Source "ChessBase"]
[SourceDate "2008.05.06"]
[SourceVersion "1"]
[SourceVersionDate "2008.05.06"]
[SourceQuality "1"]

1. d4 Nf6 2. c4 e6 3. Nf3 b6 4. g3 Ba6 5. Qc2 c5 6. d5 exd5 7. cxd5 Qe7 8. Nc3 b5 9. Bg2 d6 10. 0-0 b4 11. Na4 Nbd7 12. Re1 Qe4 13. Qd1 g6 14. Bf4 Nh5 15. Be3 Qe7 16. a3 b3 17. Qxb3 Rb8 18. Qc2 Bg7 19. Bg5 Nhf6 20. Nc3 0-0 21. h3 h6 22. Bf4 g5 23. Bd2 Bc4 24. e4 Bb3 25. Qc1 Nb6 26. h4 g4 27. Nh2 Nh7 28. Nd1 Bxd1 29. Qxd1 h5 30. e5 dxe5 31. Bc3 e4 1/2-1/2

[Event "EU-ch (Women) 9th"]
[Site "Plovdiv"]
[Date "2008.04.24"]
[Round "4"]
[White "Jackova, Jana"]
[Black "Seps, Monika"]
[Result "1-0"]
[WhiteElo "2345"]
[BlackElo "2237"]
[PlyCount "55"]
[EventDate "2008.04.21"]
[EventType "swiss"]
[EventRounds "11"]
[EventCountry "BUL"]
[SourceTitle "CBM 123 Extra"]
[Source "ChessBase"]
[SourceDate "2008.05.06"]
[SourceVersion "1"]
[SourceVersionDate "2008.05.06"]
[SourceQuality "1"]

1. e4 c5 2. Nf3 d6 3. d4 cxd4 4. Nxd4 Nf6 5. Nc3 a6 6. Bc4 e6 7. a3 Be7 8. Ba2 b5 9. 0-0 0-0 10. f4 Bb7 11. Qe2 Nc6 12. Nxc6 Bxc6 13. f5 exf5 14. Rxf5 Qd7 15. Qf3 a5 16. Bg5 b4 17. Nd5 Nxd5 18. exd5 Bb5 19. Be3 g6 20. Rf4 Bg5 21. Bd4 Bxf4 22. Qxf4 f5 23. Re1 Rac8 24. Qg5 Rxc2 25. Re6 Rf7 26. Qh6 Rg7 27. Re8+ Kf7 28. Ra8 1-0

[Event "EU-ch (Women) 9th"]
[Site "Plovdiv"]
[Date "2008.04.23"]
[Round "3"]
[White "Stiri, Alexandra"]
[Black "Jackova, Jana"]
[Result "0-1"]
[WhiteElo "2193"]
[BlackElo "2345"]
[PlyCount "60"]
[EventDate "2008.04.21"]
[EventType "swiss"]
[EventRounds "11"]
[EventCountry "BUL"]
[SourceTitle "CBM 123 Extra"]
[Source "ChessBase"]
[SourceDate "2008.05.06"]
[SourceVersion "1"]
[SourceVersionDate "2008.05.06"]
[SourceQuality "1"]

1. e4 e5 2. Nf3 Nc6 3. d4 exd4 4. Nxd4 Bc5 5. Be3 Qf6 6. c3 Nge7 7. Qd2 0-0 8. Nb5 Bxe3 9. Qxe3 d5 10. Nd2 dxe4 11. Nxe4 Qe5 12. Nc5 Qf6 13. 0-0-0 Ne5 14. Nxc7 Ng4 15. Qd4 Qh6+ 16. Rd2 Rb8 17. f3 Ne3 18. Qd6 Ng6 19. Nd5 Bf5 20. Nxe3 Qxe3 21. Qd4 Qe1+ 22. Rd1 Qe7 23. Bd3 Qg5+ 24. Rd2 Rfd8 25. f4 Nxf4 26. Qe3 Bxd3 27. g3 Qd5 28. Rhd1 Qxa2 29. Nxd3 Nd5 30. Qe5 Re8 0-1

[Event "BL 0708 (Women)"]
[Site "Germany"]
[Date "2008.04.12"]
[Round "10.2"]
[White "Jackova, Jana"]
[Black "Heinatz, Gundula"]
[Result "1-0"]
[WhiteElo "2375"]
[BlackElo "2204"]
[PlyCount "63"]
[EventDate "2007.11.10"]
[EventType "team-tourn"]
[EventRounds "11"]
[EventCountry "GER"]
[SourceTitle "EXT 2009"]
[Source "ChessBase"]
[SourceDate "2008.11.26"]
[SourceVersion "1"]
[SourceVersionDate "2008.11.26"]
[SourceQuality "1"]
[WhiteTeam "Dresden TU (W)"]
[BlackTeam "Karlsruhe (W)"]
[WhiteTeamCountry "GER"]
[BlackTeamCountry "GER"]

1. e4 c5 2. Nf3 Nc6 3. Bb5 g6 4. Bxc6 dxc6 5. h3 Bg7 6. d3 Nf6 7. Nc3 Qc7 8. Be3 b6 9. Qd2 h6 10. Bf4 Qd7 11. 0-0-0 Bb7 12. g4 g5 13. Bg3 Qe6 14. h4 Nxg4 15. hxg5 h5 16. Kb1 0-0-0 17. Qf4 Rd6 18. Ne2 Ba6 19. Qc1 Rdd8 20. Nf4 Qd7 21. Nxh5 Bd4 22. Nxd4 cxd4 23. Qf4 e5 24. Qf3 Rhg8 25. Nf6 Nxf6 26. Qxf6 Kb7 27. Rh7 Rdf8 28. Bxe5 Ka8 29. f3 c5 30. g6 c4 31. gxf7 Rg2 32. Rh8 1-0